[Event "Nottinghamshire Centenary"]
[Site "Nottingham"]
[Date "2023.11.03"]
[Round "9.3"]
[White "Gasanov, Eldar"]
[Black "Khandelwal, Ankush"]
[Result "1/2-1/2"]
[WhiteElo "2478"]
[BlackElo "2309"]
[PlyCount "147"]
[EventDate "2023.10.30"]
[EventType "tourn"]
[EventRounds "9"]
[EventCountry "ENG"]
[EventCategory "6"]
[SourceTitle "BritBase"]
[Source "John Saunders"]
[SourceDate "2023.11.11"]
[SourceVersion "1"]
[SourceVersionDate "2023.11.11"]
[SourceQuality "1"]

1. e4 c5 2. Nf3 d6 3. d4 cxd4 4. Qxd4 Nc6 5. Qe3 Nf6 6. h3 g6 7. Bc4 Bg7 8. O-O
O-O 9. Nc3 a6 10. a4 Qc7 11. Qe2 Nb4 12. Bb3 b6 13. Rd1 Bb7 14. Nd5 Nbxd5 15.
exd5 Nd7 16. c3 Rfe8 17. Be3 Nc5 18. Bc2 e5 19. dxe6 Nxe6 20. Rd2 Nf4 21. Qd1
Bh6 22. Bxf4 Bxf4 23. Rd4 Bh6 24. Bb3 Bg7 25. Rd3 Be4 26. Rd2 Bh6 27. Rd4 Rad8
28. Bd5 Bxd5 29. Rxd5 Re4 30. Qd3 Qc4 31. Qxc4 Rxc4 32. Kf1 Kf8 33. Ke2 Ke7 34.
Kd3 Rc5 35. Re1+ Kd7 36. Rd4 Bg7 37. Rde4 Kc6 38. Re8 Rxe8 39. Rxe8 Kd7 40. Rg8
Bf6 41. Rf8 Ke6 42. Ra8 Ra5 43. b3 b5 44. axb5 Rxb5 45. b4 Rb6 46. Nd4+ Bxd4
47. Kxd4 h5 48. Ra7 h4 49. g3 g5 50. gxh4 gxh4 51. Ra8 Rb5 52. Rxa6 Rf5 53. Ke3
Re5+ 54. Kf3 Rf5+ 55. Kg2 Rg5+ 56. Kf1 Rf5 57. Rc6 Rf3 58. Kg2 Rd3 59. b5 Kd7
60. Rc4 d5 61. Rd4 Rxd4 62. cxd4 Kc7 63. Kf3 Kb6 64. Kg4 Kxb5 65. Kxh4 Kc4 66.
Kg4 Kxd4 67. h4 Ke5 68. Kf3 Kf5 69. Ke3 Kg4 70. Kd4 Kxh4 71. Kxd5 Kg4 72. Ke5
Kf3 73. Kf6 Kxf2 74. Kxf7 1/2-1/2

[Event "Nottinghamshire Centenary"]
[Site "Nottingham"]
[Date "2023.11.03"]
[Round "9.4"]
[White "Beerdsen, Thomas"]
[Black "Trost, Edvin"]
[Result "1-0"]
[WhiteElo "2496"]
[BlackElo "2442"]
[PlyCount "51"]
[EventDate "2023.10.30"]
[EventType "tourn"]
[EventRounds "9"]
[EventCountry "ENG"]
[EventCategory "6"]
[SourceTitle "BritBase"]
[Source "John Saunders"]
[SourceDate "2023.11.11"]
[SourceVersion "1"]
[SourceVersionDate "2023.11.11"]
[SourceQuality "1"]

1. e4 c6 2. d4 d5 3. e5 Bf5 4. h4 h5 5. Bg5 Qb6 6. Bd3 Qxd4 7. Nf3 Qg4 8. Bxf5
Qxf5 9. O-O e6 10. c4 Be7 11. Qb3 b6 12. cxd5 exd5 13. Nc3 Bxg5 14. Nb5 Be7 15.
Nc7+ Kf8 16. Nxa8 Qc8 17. Rac1 Qb7 18. e6 f6 19. Nd4 Qxa8 20. Qg3 Qb7 21. Nf5
g5 22. hxg5 fxg5 23. Nxe7 Nxe7 24. f4 Ke8 25. f5 Qc7 26. Qxc7 1-0